000 00449nam a22001337a 4500
008 150309b xxu||||| |||| 00| 0 eng d
050 _aBX5199.K3G174
100 _aGalloway, Mark R.
_915976
245 _aJohn Keble priest, pastor, poet.
_ba theological portrait of an anglican saint
_c/by Mark R. Galloway
260 _aProvidence
_bProvidence college
_c1991
300 _a182p. ;
_c27cm.
650 _aKeble, John
_915977
942 _2lcc
_cMONOGRAPH
999 _c122329
_d122329